Alle Ränge in Rocket League - Statistiken

Allgemein
  • Dieses Quiz wurde 433 mal gespielt
  • Das Durchschnittsergebnis liegt bei 7 aus 8
Antwortstatistiken
Farbe Ränge % Korrekt
Braun Bronze
99%
Gelb Gold
99%
Grau Silber
99%
Hellblau Platin
96%
Dunkelblau Diamant
95%
Violet Champion
92%
Rot Großmeister
55%
Weiß Überschalllegende
34%
Keine übereinstimmenden Quizze gefunden
Verteilung der Resultate
Anzahl Personen mit jedem Resultat
Perzentil nach korrekt beantworteten Fragen
Ihre Resultats-Entwicklung
Sie haben dieses Quiz noch nicht gespielt